Economics and the public welfare: financial and ecconomic history of the United States, 1914-1946
שמור ב:
| מחבר ראשי: | |
|---|---|
| פורמט: | ספר |
| שפה: | אנגלית |
| יצא לאור: |
Princeton
D. van Nostrand
1949
|
| נושאים: | |
| תגים: |
הוספת תג
אין תגיות, היה/י הראשונ/ה לתייג את הרשומה!
|
MARC
| LEADER | 00000nam a2200000 a 4500 | ||
|---|---|---|---|
| 001 | UCR8617 | ||
| 003 | CL-VaPUC | ||
| 008 | 980529e19490000us |||||||||||||||||eng|d | ||
| 082 | 0 | 4 | |a 330.973 |b AND |2 21 |
| 100 | 0 | |a Anderson, Benjamin M |e author |9 410592 | |
| 245 | 1 | 0 | |a Economics and the public welfare: financial and ecconomic history of the United States, 1914-1946 |
| 300 | |a 602 p | ||
| 942 | |c BK | ||
| 945 | |d 19980529 00:00:00 |a crobeson | ||
| 260 | |a Princeton |b D. van Nostrand |c 1949 | ||
| 650 | 0 | |a Historia económica |9 307218 | |
| 650 | 7 | |a HISTORIA ESTADOS UNIDOS 1914 - 1946 |2 CL-VaPUC |9 410593 | |
| 650 | 0 | |a Finanzas |9 260832 | |
| 650 | 0 | |a Política económica |9 255029 | |
| 651 | 0 | |a Estados Unidos |9 255178 | |
| 583 | |a last modification |c 20150504 03:30:20 |k Rodrigo Vera | ||
| 999 | |c 270015 |d 270013 | ||